| 000 | 01242nam a22003497a 4500 | ||
|---|---|---|---|
| 003 | CHAP | ||
| 005 | 20220817042625.0 | ||
| 008 | 971013s1951 r 00010 d | ||
| 010 | _a50188 | ||
| 011 | _a51160 | ||
| 035 | _a55310 | ||
| 040 | _cCHAP | ||
| 082 |
_a981.6 _bP5 |
||
| 100 | 0 | 0 |
_aPierson, Donald. _988040 |
| 245 |
_aCruz das almas _b: a brazilian village |
||
| 260 |
_aWashington : _bGovernment Printing Office, _c1951 |
||
| 300 |
_a226 p. _b: ilus. ; láms. |
||
| 490 |
_aSmithsonian Institution Institute of Social Anthropology Publication _v; 12 |
||
| 590 |
_aBATCH-UPD _b10 _c20130110 _lUCH01 _h0604 |
||
| 590 |
_aBATCH-UPD _b10 _c20130110 _lUCH01 _h2244 |
||
| 590 |
_aBATCH-UPD _b10 _c20130410 _lUCH01 _h0245 |
||
| 590 |
_aBATCH-UPD _b10 _c20130914 _lUCH01 _h0748 |
||
| 590 |
_aCONVERSION _b10 _c20130109 _lUCH01 _h1327 |
||
| 650 | 1 | 4 |
_aBrasil _xCondiciones económicas. _915057 |
| 650 | 1 | 4 |
_aBrasil _xCondiciones sociales. _915059 |
| 650 | 1 | 4 |
_aPoblación _xBrasil. _989365 |
| 830 | 0 |
_aSmithsonian Institution Institute of Social Anthropology Publication _v; 12 |
|
| 901 | _aBK | ||
| 942 | _cLIBRO | ||
| 949 |
_a981.6 P5 _bBC _cBPA _d-121439 _eBPA _h12389 _i55310 _si |
||
| 949 |
_a981.6 P5 _bBC _cBPA _d-121440 _eBPA _fc.2 _h12391 _i55310 _si |
||
| 999 |
_c50188 _d50188 |
||